000 01189nam a2200301Ia 4500
001 ebr10419296
003 CaPaEBR
006 m u
007 cr cn|||||||||
008 100414s2010 enka sf 001 0 eng d
010 _z 2010015124
020 _z9781405152563
040 _aCaPaEBR
_cCaPaEBR
035 _a(OCoLC)669837278
050 1 4 _aRB38.2
_b.H373 2010eb
082 0 4 _a616.07/5
_222
245 0 4 _aThe hands-on guide to data interpretation
_h[electronic resource] /
_cSasha Abraham ... [et al.].
260 _aChichester, West Sussex, UK :
_bWiley-Blackwell,
_c2010.
300 _aix, 254 p. :
_bill.
500 _aIncludes index.
533 _aElectronic reproduction.
_bPalo Alto, Calif. :
_cebrary,
_d2010.
_nAvailable via World Wide Web.
_nAccess may be limited to ebrary affiliated libraries.
650 0 _aReference values (Medicine)
_vHandbooks, manuals, etc.
650 0 _aDiagnosis, Laboratory
_vHandbooks, manuals, etc.
655 7 _aElectronic books.
_2local
700 1 _aAbraham, Sasha.
710 2 _aebrary, Inc.
856 4 0 _uhttp://site.ebrary.com/lib/rucke/Doc?id=10419296
_zAn electronic book accessible through the World Wide Web; click to view
999 _c83868
_d83868